| 000 | 00746nam a2200253 a 4500 | ||
|---|---|---|---|
| 001 | 61280 | ||
| 003 | BD-RjUL | ||
| 005 | 20211209080937.0 | ||
| 008 | 170116s1997 ii 000 0 eng d | ||
| 020 | _a8186383360 | ||
| 035 | _a(BD-RjUL)61404 | ||
| 035 | _a1743679 | ||
| 040 |
_aANL _beng _cANL _dBD-RjUL |
||
| 041 | _aeng | ||
| 082 |
_223 _a954.0292 _bCHH 1997 |
||
| 100 | 1 |
_aChatterjee, Suranjan _9182769 |
|
| 245 | 1 | 0 |
_aHistory of modern India : _b1707-1857 / _cSuranjan Chatterjee, Siddhartha guha Ray |
| 260 |
_aCalcutta, _bProgressive Publishers, _c1997 |
||
| 300 |
_a267 p. ; _c20 cm. |
||
| 504 | _aincludes bibliography | ||
| 651 | 0 |
_aIndia _xHistory. _9172810 |
|
| 700 |
_aRay, Siddhartha Guha _9182770 |
||
| 942 |
_2ddc _cBK |
||
| 999 |
_c61280 _d61280 |
||